| 000 | 00405nam a22001577a 4500 | ||
|---|---|---|---|
| 003 | MPLRDC | ||
| 005 | 20220104142330.0 | ||
| 008 | 210129b ||||| |||| 00| 0 eng d | ||
| 082 | _a524.941 YLCB-2 198990 | ||
| 100 | _a不详 | ||
| 245 |
_aSPM 友联文选试题范例 _c |
||
| 260 |
_a _b友联出版社 _c |
||
| 300 | _b平 | ||
| 650 | _a中等教育--自修用书 | ||
| 942 |
_cBK _o524.941 YLCB-2 198990 |
||
| 999 |
_c29955 _d29945 |
||